Challenges and applications of mathematical modeling techniques in building science and technology (Record no. 18301)
[ view plain ]
| 000 -LEADER | |
|---|---|
| fixed length control field | 00583nam a22001697a 4500 |
| 008 - FIXED-LENGTH DATA ELEMENTS--GENERAL INFORMATION | |
| fixed length control field | 230405b |||||||| |||| 00| 0 eng d |
| 040 ## - CATALOGING SOURCE | |
| Original cataloging agency | National Science Library |
| Transcribing agency | National Science Library |
| 080 ## - UNIVERSAL DECIMAL CLASSIFICATION NUMBER | |
| Universal Decimal Classification number | 69:519.87(082.2) |
| Item number | P8.1 |
| 245 ## - TITLE STATEMENT | |
| Title | Challenges and applications of mathematical modeling techniques in building science and technology |
| 260 ## - PUBLICATION, DISTRIBUTION, ETC. | |
| Place of publication, distribution, etc. | Roorkee: |
| Name of publisher, distributor, etc. | Central Building Research Institute, |
| Date of publication, distribution, etc. | 2008 |
| 300 ## - PHYSICAL DESCRIPTION | |
| Extent | 340p. |
| 500 ## - GENERAL NOTE | |
| General note | Vol. 1; 340p.<br/>Vol. 2; 341-726p. |
| 650 ## - SUBJECT ADDED ENTRY--TOPICAL TERM | |
| Topical term or geographic name entry element | Management |
| 653 ## - INDEX TERM--UNCONTROLLED | |
| Uncontrolled term | Science |
| 700 ## - ADDED ENTRY--PERSONAL NAME | |
| Personal name | Chakraverty, S (Ed.) |
| 942 ## - ADDED ENTRY ELEMENTS (KOHA) | |
| Source of classification or shelving scheme | Universal Decimal Classification |
| Koha item type | Proceedings |
| Withdrawn status | Lost status | Source of classification or shelving scheme | Damaged status | Not for loan | Home library | Current library | Shelving location | Date acquired | Serial Enumeration / chronology | Total Checkouts | Full call number | Barcode | Date last seen | Price effective from | Koha item type |
|---|---|---|---|---|---|---|---|---|---|---|---|---|---|---|---|
| Universal Decimal Classification | National Science Library | National Science Library | GF/Rk-21/C-9/R-3 | 18/03/2008 | Vol. 1; 340p. | 69:519.87(082.2) P8.1 | 250083 | 05/04/2023 | 18/03/2008 | Proceedings | |||||
| Universal Decimal Classification | National Science Library | National Science Library | GF/Rk-21/C-9/R-3 | 18/03/2008 | Vol. 2; 341-726p. | 69:519.87(082.2) P8.1 | 250084 | 05/04/2023 | 18/03/2008 | Proceedings |